00304nam a2200121Ia 45000030006000000080041000060400015000471000030000622450052000922600009001445460012001530050017001650STCL150530s9999 xx 000 0 und d aSTCLcSTCL aGunning, R.C.; Rossi Hugo aAnalytic functions of several complex variables c1965 aEnglish20220125170005.0